Normal view MARC view
  • Desarrollo profesional

Entry Materia

Number of records used in: 74

001 - NÚMERO DE CONTROL DEL REGISTRO

  • campo de control: 12865

003 - IDENTIFICADOR DE NUMERO DE CONTROL

  • campo de control: UPN

005 - FECHA Y HORA DE LA ÚLTIMA TRANSACCIÓN

  • campo de control: 20230208125537.0

008 - DATOS DE LONGITUD FIJA

  • campo de control de longitud fija: 230208n||acnnnbabn a ana |d

035 ## - NÚMERO DE CONTROL DEL SISTEMA

  • Número de control del sistema: UPN10000012873

040 ## - FUENTE DE LA CATALOGACIÓN

  • Centro catalogador de origen: MX-MxUPN
  • Lengua de catalogación: spa
  • Agencia de transcripción: MX-MxUPN

046 ## - FECHAS CON CODIFICACIÓN ESPECIAL

  • Fecha final para contenidos agregados: 2022

150 ## - ENCABEZAMIENTO - TEMÁTICO

  • Término de materia o nombre geográfico como elemento inicial: Desarrollo profesional

450 ## - VÉASE - MATERIA

  • Encabezamiento temático: Administración profesional

450 ## - VÉASE - MATERIA

  • Encabezamiento temático: Desarrollo de carrera

450 ## - VÉASE - MATERIA

  • Encabezamiento temático: Formación de empleados

450 ## - VÉASE - MATERIA

  • Encabezamiento temático: Desarrollo vocacional profesional

550 ## - VÉASE ADEMÁS - MATERIA

  • Subcampo de control: g
  • Encabezamiento temático o nombre geográfico como elemento de entrada: Administración de personal

550 ## - VÉASE ADEMÁS - MATERIA

  • Subcampo de control: g
  • Encabezamiento temático o nombre geográfico como elemento de entrada: Orientación vocacional

670 ## - FUENTE EN LA QUE SE LOCALIZARON DATOS

  • Cita de la fuente: DGB UNAM, 8 febrero 2023:
  • Información localizada: (Desarrollo profesional)

902 ## - CATALOGADOR

  • Catalogador: MITM/171003